| 000 | 00417nam a2200145Ia 4500 | ||
|---|---|---|---|
| 008 | 220217s9999||||xx |||||||||||||| ||und|| | ||
| 020 | _a9780070660489 | ||
| 082 | _a005.13 MAR | ||
| 100 | _aMartin, John C | ||
| 245 | 0 | _aIntruduction to Languages and the theory of coputation | |
| 250 | _a3rd | ||
| 260 |
_aTata mcgraw-hill _bNew Delhi _c2015 |
||
| 300 |
_aXIII, 543p. _b565 |
||
| 650 | _aPROGRAMMING LANGUAGE | ||
| 999 |
_c186263 _d186263 |
||